000 00265nam a2200109Ia 4500
008 190906s9999||||xx |||||||||||||| ||und||
100 _aAggarwal,R.S.
245 0 _aMathematics For Class x
260 _aNew Delhi
_bBantam Books Inc
_c2004
300 _a393
942 _cBK
999 _c6175
_d6175